000 02169cam a22005174i 4500
003 PE-LiUPU
005 20250731173507.0
008 150616s r 000 0 d
020 _a0802825044
035 _a(Sirsi) i9780802825049
040 _aPE-LiUPU
_bspa
_cPE-LiUPU
_erda
049 _aPRUA
082 0 4 _a225.07
_bNICNT19954
_221
100 1 _aMorris, Leon,
_eautor.
245 1 4 _aThe Gospel According to John.
_n4 /
_cLeon Morris.
264 1 _aGrand Rapids, Michigan :
_bWm. B. Eerdmans Publishing Co.,
_c1995.
300 _a824 páginas ;
_c24 centímetros
336 _atext
_2rdacontent
337 _aunmediated
_2rdamedia
338 _avolume
_2rdacarrier
490 0 _aThe New International Commentary on the New Testament
504 _aBibliografía al final de cada capítulo.
505 0 _aText, exposition and notes.- The beginning of Jesus' ministry.- The sing and public discourses of the Christ.- The farewell discourses.- The crucifixion.- The resurrection.- The purpose of the Gospel.
526 _aSEG42
526 _aSEG41
526 _aSEG40
526 _aSEG39
526 _aP94
526 _aP87
526 _aP86
526 _aP85
526 _aP77
526 _aP76
526 _aP35
630 _aBiblia.
_pN.T.
_pJuan
_xComentarios.
910 _ajck
_bjvq
_cjck
942 _2ddc
_cBOOK
949 _a225.07 NICNT 4 1995
_wDEWEY
_c1
_i44351
_lCCODEBUL1
_mBUL
_r0
_sY
_tBOOK
_u2015-6-16
_xTEOLOGIA
_zUNKNOWN
_0COMPRA
_o.STAFF. Colección General
949 _a225.07 NICNT 4 1995
_wDEWEY
_c2
_i40508
_lCCODEBUL1
_mBUL
_r0
_sY
_tBOOK
_u2015-6-16
_xTEOLOGIA
_zUNKNOWN
_0COMPRA
_o.STAFF. Colección General
994 _aC0
_bPEPRU
596 _a1
999 _a225.07 NICNT 4 1995
_wDEWEY
_c58299
_i44351
_d58299
_f2021-11-9
_g5
_lCCODEBUL1
_mBUL
_q4
_r0
_sY
_tBOOK
_u2015-6-16
_xTEOLOGIA
_zUNKNOWN
_0COMPRA
_o.STAFF. Colección General
999 _a225.07 NICNT 4 1995
_wDEWEY
_c2
_i40508
_d2019-8-28
_f2021-11-9
_g5
_lCCODEBUL1
_mBUL
_q3
_r0
_sY
_tBOOK
_u2015-6-16
_xTEOLOGIA
_zUNKNOWN
_0COMPRA
_o.STAFF. Colección General
980 _81
_gALBERTO SANCHEZ Responsable de Automatización